000 00640 a2200217 4500
005 20260128110001.0
008 260127b |||||||| |||| 00| 0 eng d
020 _a9789811547515
_c€ 169.99
040 _aMAIN
082 _a583.52
_bH27P
100 _aHasanuzzaman, Mirza, ed.
245 _aPlant family fabaceae: Biology and physiological responses to environmental stresses
260 _bSpringer Nature
_c2020
_aSingapore
300 _axix, 541
650 _aPlants-Stress Responses
650 _aDicotyledons
650 _aFebaceae
700 _aAraujo, Susana, ed.
700 _aGill, Sarvajeet Singh, ed.
942 _cBK
999 _c395358
_d395358